<?xml version="1.0" encoding="UTF-8"?><?xml-stylesheet type="text/xsl" href="static/style.xsl"?><OAI-PMH xmlns="http://www.openarchives.org/OAI/2.0/" xmlns:xsi="http://www.w3.org/2001/XMLSchema-instance" xsi:schemaLocation="http://www.openarchives.org/OAI/2.0/ http://www.openarchives.org/OAI/2.0/OAI-PMH.xsd"><responseDate>2026-04-27T21:41:14Z</responseDate><request verb="GetRecord" identifier="oai:uvadoc.uva.es:10324/7778" metadataPrefix="marc">https://uvadoc.uva.es/oai/request</request><GetRecord><record><header><identifier>oai:uvadoc.uva.es:10324/7778</identifier><datestamp>2025-02-19T12:10:33Z</datestamp><setSpec>com_10324_38</setSpec><setSpec>col_10324_852</setSpec></header><metadata><record xmlns="http://www.loc.gov/MARC21/slim" xmlns:doc="http://www.lyncode.com/xoai" xmlns:xsi="http://www.w3.org/2001/XMLSchema-instance" xmlns:dcterms="http://purl.org/dc/terms/" xsi:schemaLocation="http://www.loc.gov/MARC21/slim http://www.loc.gov/standards/marcxml/schema/MARC21slim.xsd">
<leader>00925njm 22002777a 4500</leader>
<datafield tag="042" ind1=" " ind2=" ">
<subfield code="a">dc</subfield>
</datafield>
<datafield tag="720" ind1=" " ind2=" ">
<subfield code="a">Martín Martín, Daniel</subfield>
<subfield code="e">author</subfield>
</datafield>
<datafield tag="260" ind1=" " ind2=" ">
<subfield code="c">2014</subfield>
</datafield>
<datafield tag="520" ind1=" " ind2=" ">
<subfield code="a">En la concepción educativa actual, el aprendizaje de las lenguas extranjeras (especialmente el inglés) está ganando importancia y presencia en las aulas. Asimismo, las teorías educacionales resaltan la importancia de fomentar el pensamiento crítico en el alumnado y no tanto el aprendizaje memorístico característico de la escuela tradicional. El objetivo es formar ciudadanos capaces de pensar por sí mismos y que participen activamente en la sociedad.&#xd;
Parece evidente pues, que el pensamiento crítico se ha de desarrollar a través del inglés tanto o más que del resto de áreas, y que debe trabajarse en la etapa primaria desde su comienzo. Para ello será necesario que los docentes sean capaces de diseñar y poner en práctica materiales que sirvan al alumnado para mejorar su competencia comunicativa en inglés a la par que para desarrollar su capacidad crítica. Este trabajo va dirigido precisamente al diseño de materiales para trabajar en primer ciclo de primaria el razonamiento crítico a través del inglés.</subfield>
</datafield>
<datafield tag="024" ind2=" " ind1="8">
<subfield code="a">http://uvadoc.uva.es/handle/10324/7778</subfield>
</datafield>
<datafield ind1=" " ind2=" " tag="653">
<subfield code="a">Inglés (Lengua) - Estudio y enseñanza</subfield>
</datafield>
<datafield ind1=" " ind2=" " tag="653">
<subfield code="a">Pensamiento crítico</subfield>
</datafield>
<datafield tag="245" ind1="0" ind2="0">
<subfield code="a">Diseño de materiales para el desarrollo del pensamiento crítico en edades tempranas a través del área de inglés</subfield>
</datafield>
</record></metadata></record></GetRecord></OAI-PMH>